Les 3 villes les plus peuplées par pays- Amérique du Sud - Statistiques

Statistiques générales
  • Ce quiz a été pris 94 fois
  • Le résultat moyen est 16 sur 36
Statistiques - réponses
Pop. en millions Ville % Correct
15.2 Buenos Aires
98%
6.8 Rio de Janeiro
94%
6.2 Santiago
92%
12.3 São Paulo
90%
3.0 Brasilia
88%
11.2 Lima
88%
0.8 La Paz
84%
7.9 Bogota
83%
1.4 Montevideo
82%
1.8 Quito
82%
2.1 Caracas
81%
2.1 Asuncion
73%
2.6 Medellin
71%
0.2 Paramaribo
62%
0.1 Georgetown
56%
2.2 Cali
47%
1.3 Rosario
45%
0.9 Valparaiso
38%
1.7 Cordoba
37%
2.7 Guayaquil
37%
2.3 Maracaibo
29%
1.4 Santa Cruz
28%
1.1 Arequipa
24%
1.0 Trujillo
15%
0.7 Concepcion
11%
1.6 Valencia
11%
0.5 Ciudad del Este
8%
0.8 El Alto
6%
0.4 Cuenca
4%
0.1 Salto
4%
0.1 Ciudad de la Costa
2%
0.03 Linden
1%
0.3 San Lorenzo
1%
0.03 De Nieuwe Grond
0%
0.02 Golden Grove
0%
0.03 Koewarasan
0%
Aucun quiz correspondant
Distribution des résultats
% des personnes avec chaque résultat
Percentile par nombre de réponses
Votre historique - résultats
Vous n’avez pas pris ce quiz